Countries where there is no minimum drinking age - Statistics

General Stats
  • This quiz has been taken 34 times
  • The average score is 4 of 14
Answer Stats
Countries % Correct
China
59%
Cameroon
38%
Mali
34%
Burkina Faso
31%
Guinea Bissau
31%
Timor Leste
28%
Togo
25%
Sierra Leone
22%
Cambodia
19%
Indonesia
19%
Benin
16%
Sao Tome and Principe
16%
Bolivia
6%
Solomon Islands
6%
No matching quizzes found
Score Distribution
Percent of People with Each Score
Percentile by Number Answered
Your Score History
You have not taken this quiz